00498nam a2200181 a 4500001001300000003000900013005001700022008004100039020001000080082001600090100001900106245007300125260004100198300000900239500003500248505001000283650002300293nice12345678IN_TiNIC20260116012617.0050524s1989 newa grp 000 0 eng  ac20000a954.92bIMA aImam, Jahanara aOf Blood and Fireb Untold Story of Bangladesh`s War of Independence aNew DelhibSterling Publishersc1989 a246p aincludes index and biblioraphy2 aIndex aBangladesh-History